• 首页
  • 本馆介绍
  • 公告通知
  • 最新文献
  • 馆藏检索
  • 电子资源
  • 读者导购
  • 参考咨询
  • 我的图书馆
  • 登录
  • 详细信息显示
  • 放入我的书架
  • 预约/预借图书
  • 作者相关作品
  • 分类相关作品
  • 丛书相关作品
  • 出版社相关作品

书目信息

  • 表格格式
  • 工作单格式
  • 卡片格式
题名:
全国注册电气工程师(发输变电)执业资格考试专业考试历年真题解析
    
 
作者: 本书编委会编
分册:  
出版信息: 北京   中国建筑工业出版社  2016
页数: 446页
开本: 26cm
丛书名:
单 册:
中图分类: TM
科图分类:
主题词: 发电--电力工程--工程师--资格考试--题解 , 输电--电力工程--工程师--资格考试--题解 , 变电所--电力工程--工程师--资格考试--题解
电子资源:
ISBN: 978-7-112-18931-1
000 01070nam0 2200241 450
001 1774681128
005 20161207151528.0
010    @a978-7-112-18931-1@dCNY88.00
100    @a20150920d2016 em y0chiy50 ea
101 0  @achi
102    @aCN@b110000
105    @ay zq 000yy
106    @ar
200 1  @a全国注册电气工程师(发输变电)执业资格考试专业考试历年真题解析@9quan guo zhu ce dian qi gong cheng shi(fa shu bian dian)zhi ye zi ge kao shi zhuan ye kao shi li nian zhen ti jie xi@e2016版@f本书编委会编
210    @a北京@c中国建筑工业出版社@d2016
215    @a446页@d26cm
330    @a本书内容共分两部分:第一部分,考试心得;第二部分,2008-2014年专业考试试题、答案与解析。本书对注册电气工程师(发输变电)专业考试历年真题都给出了详细解析,并且给出点评。对于需要计算的案例题,也都给出详细的计算过程,便于考生深入透彻复习之用。
606 0  @a发电@x电力工程@x工程师@x资格考试@j题解
606 0  @a输电@x电力工程@x工程师@x资格考试@j题解
606 0  @a变电所@x电力工程@x工程师@x资格考试@j题解
690    @aTM@v5
801  0 @aCN@b91MARC@c20150920
905    @aBZT@dTM@e19
    
    全国注册电气工程师(发输变电)执业资格考试专业考试历年真题解析:2016版/本书编委会编.-北京:中国建筑工业出版社,2016
    446页;26cm
    
    
    ISBN 978-7-112-18931-1:CNY88.00
    本书内容共分两部分:第一部分,考试心得;第二部分,2008-2014年专业考试试题、答案与解析。本书对注册电气工程师(发输变电)专业考试历年真题都给出了详细解析,并且给出点评。对于需要计算的案例题,也都给出详细的计算过程,便于考生深入透彻复习之用。
●
相关链接 在五车中查询图书 在当当中查询图书 在豆瓣中查询图书


正题名:全国注册电气工程师(发输变电)执业资格考试专业考试历年真题解析     索取号:TM/19         预约/预借

序号 登录号 条形码 馆藏地/架位号 状态 备注
1 828449   2000828449   第二书库/ [索取号:TM/19] 在馆    
2 828450   2000828450   第二书库/ [索取号:TM/19] 在馆    
3 828451   2000828451   第二书库/ [索取号:TM/19] 在馆    
山东省滨州职业学院图书馆 欢迎您!
大连网信软件有限公司© 版权所有